000 00850nam a22001935i 4500
001 52974
003 ES-MaACL
005 20230906162659.0
007 t|
008 950906s1877 sp ||||1| spa d
040 _aCAM
_bspa
_cCAM
100 1 _aDonayre, Felipe Martín.
_945298
245 1 0 _aDatos para una reseña física y geológica de la región S. E. de la provincia de Almeria /
_cpor Felipe M. Donayre.
260 _aMadrid :
_b[s.n],
_c1877 (
_fimprenta y fundición de Manuel Tello)
300 _a[2], 77 p., [1] h. de map. ;
_c25 cm.
650 4 _aGeología-
_zAlmería.
_9144128
651 4 _aAlmería-
_xGeografía.
_9144127
852 _aES-MaACL
_jT-1107-F-7
_z-- Enc. hol., conservando la cub. original
_z-- Legado Federico de Botella y de Hornos
_z-- An ms.: ded. del autor a Federico de Botella y Hornos
_z-- Enc. en un vol. facticio
999 _c52974
_d52974